Statistics for FIFA World Rankings

Click here to take the quiz!

General Stats

  • This quiz has been taken 9,743 times
    (7,411 since last reset)
  • The average score is 23 of 30

Answer Stats

Rank Team % Correct
2Germany
99%
1Spain
98%
10Brazil
97%
3Argentina
97%
13England
94%
20France
93%
7Italy
93%
5Portugal
91%
9Netherlands
90%
14USA
89%
11Belgium
87%
15Chile
84%
6Uruguay
82%
21Mexico
82%
22Russia
81%
26Sweden
80%
4Colombia
76%
8Switzerland
75%
16Croatia
71%
12Greece
68%
17Cote d'Ivoire
64%
25Denmark
64%
24Ghana
61%
18Ukraine
55%
30Serbia
55%
19Bosnia and Herzegovina
49%
28Czech Republic
46%
27Algeria
45%
23Ecuador
44%
29Slovenia
42%

Score Distribution

Percentile by Number Answered

Percent of People with Each Score

Your Score History

You have not taken this quiz since the last reset